zpět

Detail výsledku týmu

Chicago Bar & Grill ÚT, Liberec

Datum a čas kvízu

18.5 Celkem bodů Celkový počet nahraných bodů na tomto kvízu bez doplňovacích otázek.
8. Pořadí na kvízu Konečné umístění týmu na tomto kvízu.

Zaznamenané odpovědi

# Otázka Odpověď Body Výsledky
1. Pražská soukromá vysoká škola... je online 1
2. Bývalý španělský král, který č... Juan Carlos I. 0
3. Minulý týden se v Praze konal... Střelecký ostrov 0
4. Společnost Škoda Auto má novéh... Jihoafrická republika 0
5. Jak se jmenuje čerstvý držitel... Tomáš Souček 0
6. Historie kulečníkových her sah... slonovina 1
7. Kulečník, nebo také biliár (z... pool 0
8. Osmička (Eight-ball) se hraje... A 0
9. Nyní vám pustíme ukázku ze ser... karambol 0
10. Barva peněz je snímek z roku 1... Tom Cruise 0